大阪市にある駅 - Statistics

General Stats
  • This quiz has been taken 68 times
  • The average score is 108 of 213
Answer Stats
Hint Answer % Correct
大阪
100%
新今宮
98%
新大阪
96%
天王寺
96%
なんば
96%
今宮
91%
福島
91%
91%
京橋
89%
天満
89%
大阪城公園
89%
西九条
87%
桜ノ宮
87%
鶴橋
87%
南海本線 難波
87%
阪神本線 野田
87%
弁天町
85%
近鉄大阪線 今里
85%
梅田
85%
桃谷
83%
寺田町
83%
北新地
83%
近鉄難波線 大阪難波
83%
天下茶屋
83%
中津
83%
十三
83%
淀屋橋
83%
地下鉄長堀鶴見緑地線 大正
83%
東海道本線 東淀川
81%
ユニバーサルシティ
81%
桜島
81%
阪急神戸線 大阪梅田
81%
大阪環状線 芦原橋
79%
大阪上本町
79%
動物園前
79%
森ノ宮
79%
近鉄日本橋
77%
近鉄南大阪線 大阪阿部野橋
77%
淡路
77%
天神橋筋六丁目
77%
心斎橋
77%
東梅田
77%
天満橋
77%
谷町九丁目
77%
地下鉄四つ橋線 西梅田
77%
塚本
74%
平野
74%
片町線 放出
74%
JR東西線 大阪城北詰
74%
谷町四丁目
74%
谷町六丁目
74%
玉造
74%
長居
72%
中之島
72%
桜島線 安治川口
70%
九条
70%
本町
70%
住吉
70%
住之江公園
68%
関西本線 加美
66%
鴫野
66%
新福島
66%
北浜
66%
西中島南方
66%
あびこ
66%
地下鉄中央線 コスモスクエア
66%
大阪天満宮
64%
大国町
64%
南森町
64%
堺筋本町
64%
東部市場前
62%
野江
62%
四ツ橋
62%
岸里
62%
御幣島
60%
阪神なんば線 桜川
60%
ドーム前
60%
地下鉄御堂筋線 東三国
60%
西田辺
60%
阿倍野
60%
日本橋
60%
南海高野線 今宮戎
57%
関目
57%
南方
57%
加島
55%
阪和線 美章園
55%
岸里玉出
55%
都島
55%
四天王寺前夕陽ヶ丘
55%
文の里
55%
長堀橋
55%
おおさか東線 JR淡路
55%
上新庄
53%
柴島
53%
喜連瓜破
53%
地下鉄千日前線 野田阪神
53%
南田辺
51%
住吉大社
51%
萩ノ茶屋
51%
京阪本線 千林
51%
淀川
51%
大阪港
51%
海老江
49%
杉本町
49%
河堀口
49%
神崎川
49%
肥後橋
49%
朝潮橋
49%
鶴ケ丘
47%
我孫子町
47%
阪急宝塚線 三国
47%
阪急千里線 下新庄
47%
中崎町
47%
玉出
47%
鶴見緑地
47%
針中野
45%
芦原町
45%
大江橋
45%
昭和町
45%
田辺
45%
JR難波
43%
汐見橋
43%
京阪中之島線 なにわ橋
43%
野江内代
43%
北加賀屋
43%
北巽
43%
南巽
43%
ドーム前千代崎
43%
大阪ビジネスパーク
43%
阪堺線 恵美須町
43%
JR野江
43%
城北公園通
40%
新加美
40%
帝塚山
40%
渡辺橋
40%
崇禅寺
40%
地下鉄谷町線 太子橋今市
40%
千林大宮
40%
長原
40%
阿波座
40%
緑橋
40%
木津川
38%
伝法
38%
地下鉄堺筋線 扇町
38%
北田辺
36%
矢田
36%
阪急京都線 相川
36%
姫島
36%
関目高殿
36%
駒川中野
36%
出戸
36%
花園町
36%
西長堀
36%
住ノ江
34%
森小路
34%
千船
34%
出来島
34%
蒲生四丁目
34%
粉浜
32%
住吉東
32%
我孫子前
32%
千鳥橋
32%
松屋町
32%
今川
30%
西天下茶屋
30%
横堤
30%
深江橋
28%
新深江
28%
ポートタウン東
28%
阪堺上町線 天王寺駅前
28%
地下鉄今里筋線 井高野
28%
だいどう豊里
28%
関目成育
28%
津守
26%
西大橋
26%
ポートタウン西
26%
フェリーターミナル
26%
南港口
26%
沢ノ町
23%
玉川
23%
今福鶴見
23%
中ふ頭
23%
平林
23%
新今宮駅前
23%
瑞光四丁目
23%
ニュートラム トレードセンター前
21%
南港東
21%
清水
21%
小路
19%
新森古市
15%
我孫子道
13%
松虫
11%
今池
9%
今船
9%
住吉鳥居前
9%
帝塚山三丁目
6%
帝塚山四丁目
6%
神ノ木
6%
北天下茶屋
6%
東天下茶屋
4%
北畠
4%
姫松
4%
松田町
4%
聖天坂
4%
天神ノ森
4%
東玉出
4%
塚西
4%
細井川
4%
安立町
4%
東粉浜
2%
No matching quizzes found
Score Distribution
Percent of People with Each Score
Percentile by Number Answered
Your Score History
You have not taken this quiz